Представление документа в формате MARC21

Поле Инд. ПП Название Значение
Тип записи a
Библиографический уровень m
001 _ Контрольный номер RU/ЭБС IPR BOOKS/63647
005 Дата корректировки 20250915131130.8
008 Кодируемые данные 211122s2016 RU y f j 000 1 rus u
020 a ISBN 978-5-9227-0637-7
040 c Служба, преобразующая запись ЭБС IPR BOOKS
041 a Код языка текста rus
044 a Код страны публикации RU
080 a Индекс УДК 79
084 2 Источник индекса rubbk
a Индекс другой классификации/Индекс ББК 75.1
245 a Заглавие Физическая культура для студентов специальной медицинской группы
b Продолж. заглавия учебное пособие
c Ответственность А. В. Токарева, Л. Б. Ефимова-Комарова, Л. В. Ярчиковская [и др.]
250 g Весь срок охраны авторского права
a Основные сведения об издании Физическая культура для студентов специальной медицинской группы
256 a Характеристики компьютерного файла Электрон. дан. (1 файл)
260 a Место издания Санкт-Петербург
b Издательство Санкт-Петербургский государственный архитектурно-строительный университет, ЭБС АСВ
c Дата издания 2016
300 a Объем 140 с.
500 a Примечание Книга находится в премиум-версии ЭБС IPR BOOKS.
516 a Прим. о типе комп. файла/ данных Текст
520 a Аннотация Изложена технология организации и проведения практических занятий со студентами специальной медицинской группы, анатомо-физиологическая характеристика наиболее распространенных хронических заболеваний студентов, практический материал для лиц, имеющих отклонения в состоянии здоровья. Представлены комплексы физических упражнений по нозологиям и на основе современных оздоровительных систем. Предназначено для студентов очного отделения и преподавателей физической культуры, а также специалистов в области адаптивной физической культуры.
521 a Примеч. о целев. назн. Весь срок охраны авторского права
538 a Прим. о системных особенностях электронный
653 a Ключевые слова физическая культура
653 a Ключевые слова специальная группа
653 a Ключевые слова упражнение
653 a Ключевые слова здоровье
653 a Ключевые слова фитнес
653 a Ключевые слова заболевание
700 1_ a Другие авторы Токарева, А. В.
4 Код отношения 070
700 1_ a Другие авторы Ефимова-Комарова, Л. Б.
4 Код отношения 070
700 1_ a Другие авторы Ярчиковская, Л. В.
4 Код отношения 070
700 1_ a Другие авторы Караван, А. В.
4 Код отношения 070
700 1_ a Другие авторы Миронова, О. В.
4 Код отношения 070
856 4_ u URL http://www.iprbookshop.ru/63647.html
z Примечание для пользователя Участвует в КО